Connaissez-vous bien Eric Zemmour ? - Statistiques

Statistiques générales
  • Ce quiz a été pris 434 fois
  • Le résultat moyen est 9 sur 15
Statistiques - réponses
Question Réponse % Correct
Quelle parti a t-il fondé le 5 décembre 2021 ? Reconquête!
94%
Quelle est le(la) vice-président(e) de son parti ? Marion-Maréchal Le Pen
92%
Comment s'appelle le mouvement de la jeunesse qui le soutient ? GénérationZ
81%
De quels partis politique sont issus principalement les figures politiques qui l'ont rejoint dans sa campagne politique ? RN
78%
Avec quelle femme est il en couple actuellement ? Sarah Knafo
78%
Quelles sont ses résultats à l'élection présidentielle de 2022 ? 7,07%
72%
Quel est son livre far, qui c'est vendu a plus de 500 000 exemplaires ? La France n'a pas dit son dernier mot
69%
Dans quelle émission, animée par Christine Kelly, fut-il un des figurants majeurs de 2019 à 2021 ? Face à l'info
67%
Comment se nomme la biographie qu'il a écrite d'un président de la Ve République ? L'Homme qui ne s'aimait pas
67%
Quel concept combat-il ? Le Grand Remplacement
64%
Dans quelle départements français s'est-il présenté lors des élections législatives de 2022 ? Var
47%
Dans quelle ville est-il né ? Montreuil
44%
Dans quel lieu as t'il tenu son principal meeting qui restera gravé dans l'histoire de la Ve République ? Trocadéro
44%
En 1986, quelle homme lui a permis de lancer sa carrière de journaliste au Quotidien de Paris ? Phillipe Tesson
33%
Dans quelle célèbre école à t-il fait ses études ? IEP Paris
17%
Aucun quiz correspondant
Distribution des résultats
% des personnes avec chaque résultat
Percentile par nombre de réponses
Votre historique - résultats
Vous n’avez pas pris ce quiz